ბათუმის შოთა რუსთაველის სახელმწიფო უნივერსიტეტის ბიბლიოთეკა

აჰა მოვედი შენამდე მაინც. (ბიბ.ჩანაწერი № 41858)

000 -LEADER
fixed length control field 00824nam a2200229Ia 4500
001 - CONTROL NUMBER
control field 8541
003 - CONTROL NUMBER IDENTIFIER
control field GE_BSU
008 - FIXED-LENGTH DATA ELEMENTS--GENERAL INFORMATION
fixed length control field 181216s||||||||xx |||||||||||||| ||und||
040 ## - CATALOGING SOURCE
Transcribing agency GE_BSU
080 ## - UNIVERSAL DECIMAL CLASSIFICATION NUMBER
Universal Decimal Classification number 821.353.1-1
100 ## - MAIN ENTRY--PERSONAL NAME
Personal name ვარშანიძე,მამია.
245 ## - TITLE STATEMENT
Title აჰა მოვედი შენამდე მაინც.
245 ## - TITLE STATEMENT
Remainder of title ლექსები.
245 ## - TITLE STATEMENT
Statement of responsibility, etc. რედ:ზ.ფირცხალაიშვილი;მხატვ:რედ:გ.გუჯაბიძე.
260 ## - PUBLICATION, DISTRIBUTION, ETC.
Place of publication, distribution, etc. ბათუმი.
260 ## - PUBLICATION, DISTRIBUTION, ETC.
Name of publisher, distributor, etc. საბჭ.საქართველო
260 ## - PUBLICATION, DISTRIBUTION, ETC.
Date of publication, distribution, etc. 1990.
300 ## - PHYSICAL DESCRIPTION
Extent 80გვ;1ფ.პორტრ.16სმ.
653 ## - INDEX TERM--UNCONTROLLED
Uncontrolled term აჰა მოვედი შენამდე მაინც.
653 ## - INDEX TERM--UNCONTROLLED
Uncontrolled term ლექსები.
942 ## - ADDED ENTRY ELEMENTS (KOHA)
Koha item type წიგნი
ეგზემპლარები
Withdrawn status Lost status Damaged status Not for loan Date acquired Barcode Date last seen Price effective from Koha item type
        2018-12-17 30755 2018-12-17 2018-12-17 წიგნი
        2018-12-17 30756 2018-12-17 2018-12-17 წიგნი
        2018-12-17 30757 2018-12-17 2018-12-17 წიგნი
        2018-12-17 30758 2018-12-17 2018-12-17 წიგნი
        2018-12-17 30759 2018-12-17 2018-12-17 წიგნი
        2018-12-17 30760 2018-12-17 2018-12-17 წიგნი
        2018-12-17 30761 2018-12-17 2018-12-17 წიგნი
        2018-12-17 30762 2018-12-17 2018-12-17 წიგნი
        2018-12-17 30763 2018-12-17 2018-12-17 წიგნი
        2018-12-17 30764 2018-12-17 2018-12-17 წიგნი
        2018-12-17 30765 2018-12-17 2018-12-17 წიგნი
        2018-12-17 30766 2018-12-17 2018-12-17 წიგნი
        2018-12-17 30767 2018-12-17 2018-12-17 წიგნი
        2018-12-17 30768 2018-12-17 2018-12-17 წიგნი
        2018-12-17 30769 2018-12-17 2018-12-17 წიგნი
        2018-12-17 30770 2018-12-17 2018-12-17 წიგნი
        2018-12-17 30771 2018-12-17 2018-12-17 წიგნი
        2018-12-17 30772 2018-12-17 2018-12-17 წიგნი
        2018-12-17 30773 2018-12-17 2018-12-17 წიგნი
        2018-12-17 30774 2018-12-17 2018-12-17 წიგნი
        2018-12-17 30775 2018-12-17 2018-12-17 წიგნი
        2018-12-17 30776 2018-12-17 2018-12-17 წიგნი
        2018-12-17 30777 2018-12-17 2018-12-17 წიგნი
        2018-12-17 30778 2018-12-17 2018-12-17 წიგნი
        2018-12-17 30779 2018-12-17 2018-12-17 წიგნი
        2018-12-17 30780 2018-12-17 2018-12-17 წიგნი
        2018-12-17 30781 2018-12-17 2018-12-17 წიგნი
        2018-12-17 30782 2018-12-17 2018-12-17 წიგნი
        2018-12-17 30783 2018-12-17 2018-12-17 წიგნი
        2018-12-17 30784 2018-12-17 2018-12-17 წიგნი
        2018-12-17 30785 2018-12-17 2018-12-17 წიგნი
        2018-12-17 30786 2018-12-17 2018-12-17 წიგნი
        2018-12-17 30787 2018-12-17 2018-12-17 წიგნი
        2018-12-17 30788 2018-12-17 2018-12-17 წიგნი
        2018-12-17 30789 2018-12-17 2018-12-17 წიგნი
        2018-12-17 30790 2018-12-17 2018-12-17 წიგნი
        2018-12-17 30791 2018-12-17 2018-12-17 წიგნი
        2018-12-17 30792 2018-12-17 2018-12-17 წიგნი
        2018-12-17 30793 2018-12-17 2018-12-17 წიგნი
        2018-12-17 30794 2018-12-17 2018-12-17 წიგნი
        2018-12-17 30795 2018-12-17 2018-12-17 წიგნი
        2018-12-17 30796 2018-12-17 2018-12-17 წიგნი
        2018-12-17 30797 2018-12-17 2018-12-17 წიგნი
        2018-12-17 30798 2018-12-17 2018-12-17 წიგნი
        2018-12-17 30799 2018-12-17 2018-12-17 წიგნი
        2018-12-17 30800 2018-12-17 2018-12-17 წიგნი
        2018-12-17 30801 2018-12-17 2018-12-17 წიგნი
        2018-12-17 30802 2018-12-17 2018-12-17 წიგნი
        2018-12-17 30803 2018-12-17 2018-12-17 წიგნი
        2018-12-17 30804 2018-12-17 2018-12-17 წიგნი
        2018-12-17 30805 2018-12-17 2018-12-17 წიგნი
        2018-12-17 30806 2018-12-17 2018-12-17 წიგნი
        2018-12-17 32939-3ლ 2018-12-17 2018-12-17 წიგნი